Michaelis Baumanni, Creilsh. Franci, Superintendentis et Ecclesiastae Hohenloici, in Illustri Comitatu Pfedelbacensi, Sacrorum Analectorum Tomus Singularis Variorum Typorum ex Sacrâ Scripturâ & Natura desumptorum, nec non iuxta seriem Articulorum seu Locorum Theologicorum, disipositorum, Collectanea continens. Ad sacrarum Literarum illustrationem, et habenarum publice Homiliarum formationem, In gratiam studiosae Juventutis, & imprimis Ministerii Sacrosancti Candidatorum, Luci Publicae Expositus

Bibliographic Details
Main Author: Baumann, Michael, 1614-1668 (Author, Author of introduction, etc., Dedicator)
Corporate Author: Kühn, Balthasar (Ulm, Nemecko) (Printer)
Other Authors: Raith, Balthasar (Dedicator), Schubelius, Johannes (Dedicator), Priester, Wolffgang Heinric (Dedicator), Diezelius, Ludovicus Casimirus (Dedicator), Esenwein, Joh. Georg (Dedicator), Schulin, Joh. Caspar (Dedicator), Schmidt, Georg Adam (Dedicator), Wolff, Johann Georg (Dedicator), Baumann, Johann Christophorus (Dedicator), Baumannus, Georg Fridericus (Dedicator)
Format: Book
Language:Latin
PhysicalDescription:[40], 1568, [23] s. 20 cm
Published: Ulmae Literis & Impensis Balthas. Kühnen/ Reip. Typogr. & Bibliop. M.DC.LXV. [=1665]
Subjects:

MARC

LEADER 00000cam a2200000 a 4500
001 vtls011739214
003 SK-MaSNL
005 20260301044519.0
008 251112 1665 gw a 001 0 lat
015 |a SNBHFA1665 
020 |q viazaná 
035 |a urn:nbn:sk:snk-am00ct59 
035 |a urn:nbn:sk:snk-am3hun7 
035 |a B930DCE7-DBAF-4803-89B3-DEF09D597A65 
040 |a SNK  |b slo  |c SNK  |e AACR2 
041 0 |a lat 
044 |a gw  |c DE 
072 7 |a 2-1  |x Prirodzená teológia. Náboženská filozofia  |2 konspekt 
080 |a 2-1  |2 2011 
100 1 |a Baumann, Michael,  |d 1614-1668  |4 aut  |4 aui  |4 dto  |9 351049 
245 1 |a Michaelis Baumanni, Creilsh. Franci, Superintendentis et Ecclesiastae Hohenloici, in Illustri Comitatu Pfedelbacensi, Sacrorum Analectorum  |n Tomus Singularis  |p Variorum Typorum ex Sacrâ Scripturâ & Natura desumptorum, nec non iuxta seriem Articulorum seu Locorum Theologicorum, disipositorum, Collectanea continens. Ad sacrarum Literarum illustrationem, et habenarum publice Homiliarum formationem, In gratiam studiosae Juventutis, & imprimis Ministerii Sacrosancti Candidatorum, Luci Publicae Expositus 
246 3 0 |a Sacrorum Analectorum 
260 |a Ulmae  |b Literis & Impensis Balthas. Kühnen/ Reip. Typogr. & Bibliop.  |c M.DC.LXV. [=1665] 
300 |a [40], 1568, [23] s.  |c 20 cm 
500 |a Titulná strana s drevorezom,Vlysy, ozdobné linky, ozdobné iniciálky s ornamentálnym pozadím na 3, 5 - 6 riadkov, vinety, kustody 
504 |a Register 
508 |a Predslov a venovanie autora 
508 |a Gratulačné verše signované Balthasar Raith, Johannes Schubelius, Wolffgang. Heinric. Priester, Ludovicus Casimirus Diezelius, Joh. Georg Esenwein, Joh. Caspar Schulin, Georg Adam Schmidt, Johann Georg Wolff, Johann Christophorus Baumann, Georg Fridericus Baumannus 
510 4 |a VD17  |c 3:007642M 
550 |a Rok vydania rímskymi číslicami 
561 |a Z knižnice Učenej spoločnosti malohontskej.  |5 SNK ID 100 021 
650 0 7 |a teológia  |2 SNKPH  |9 1814 
700 1 |a Raith, Balthasar  |4 dto  |9 351050 
700 1 |a Schubelius, Johannes  |4 dto  |9 351051 
700 1 |a Priester, Wolffgang Heinric.  |4 dto  |9 351052 
700 1 |a Diezelius, Ludovicus Casimirus  |4 dto  |9 351053 
700 1 |a Esenwein, Joh. Georg  |4 dto  |9 351054 
700 1 |a Schulin, Joh. Caspar  |4 dto  |9 351055 
700 1 |a Schmidt, Georg Adam  |4 dto  |9 351056 
700 1 |a Wolff, Johann Georg  |4 dto  |9 351057 
700 1 |a Baumann, Johann Christophorus  |4 dto  |9 351058 
700 1 |a Baumannus, Georg Fridericus  |4 dto  |9 351059 
710 2 |a Učená spoločnosť malohontská  |4 fmo  |9 205374 
710 0 |a Kühn, Balthasar (Ulm, Nemecko),  |d 1615-1667  |4 prt  |9 351060 
752 |a Nemecko  |d Ulm 
852 |a snk  |b Historické fondy  |p ID 100 021 
958 |a ONDV 
999 |c 596157  |d 598087 
952 |t MHC II.B.d.19  |a SNK  |b SNK  |c SNK_HF  |y PREZ  |7 0  |p 17A1299334  |o snkID 100021  |i snk2018/2508  |8 5  |0 0  |1 0  |4 0  |d 2018-01-29  |f 1  |l 0  |r 2026-02-23 15:39:07  |w 2026-02-23